Biblioteca

Zion's final destiny : (Registro nro. 67184)

Detalles MARC
000 -LÍDER
Campo fijo de descripción fija 01580cam a2200337 i 4500
001 - NÚMERO DE CONTROL
Campo de control 7687140014
003 - IDENTIFICADOR DEL NÚMERO DE CONTROL
Campo de control CO-MdFUSB
005 - FECHA Y HORA DE LA ULTIMA TRANSACCIÓN
control field 20220617165133.0
007 - CAMPO FIJO DE DESCRIPCIÓN FIJA--INFORMACIÓN GENERAL
Campo fijo de descripción fija ta
008 - ELEMENTOS DE LONGITUD FIJA -- INFORMACIÓN GENERAL
Campo fijo de descripción fija -- Información general 910828t1991 mnu b 001 0 eng
020 ## - NÚMERO INTERNACIONAL NORMALIZADO PARA LIBROS
Número Internacional Normalizado del libro 0800625048
040 ## - FUENTE DE CATALOGACIÓN
Agencia de catalogación original DLC
Idioma de catalogación eng
Agencia que realiza la transcripción CO-MdFUSB
Agencia que realiza la modificación MUQ
-- NLGGC
-- BTCTA
-- YDXCP
-- BAKER
-- HEBIS
-- SGB
-- BDX
-- GBVCP
-- OCLCO
-- OCLCA
-- OCLCQ
-- OCLCO
-- OCLCA
-- OCLCQ
-- OCLCO
-- DEBBG
Convenciones de la descripción rda
041 ## - CÓDIGO DE IDIOMA
Código de idioma para texto/pista de sonido o título separado eng
082 ## - NÚMERO DE CLASIFICACIÓN DECIMAL DEWEY
Número de la edición del Dewey 23
Número de clasificación 224.1066
Clave de autor-Numero de item SE462
100 1# - ASIENTO PRINCIPAL--NOMBRE PERSONAL
Nombre personal Seitz, Christopher R.
Término relacionador autor
245 10 - TÍTULO
Título del Material Zion's final destiny :
Parte restante del título - Subtitulo the development of the Book of Isaiah : a reassessment of Isaiah 36-39
Mención de responsabilidad, etc. / Christopher R. Seitz.
264 #1 - PRODUCCIÓN, PUBLICACIÓN, DISTRIBUCIÓN, MANUFACTURA, Y COPYRIGHT
Lugar de producción, publicación, distribución, manufactura Minneapolis :
Nombre del productor, publicador, distribuidor Fortress Press,
Fecha de producción, publicación, distribución, manufactura, o copyright [1991]
264 #4 - PRODUCCIÓN, PUBLICACIÓN, DISTRIBUCIÓN, MANUFACTURA, Y COPYRIGHT
Fecha de producción, publicación, distribución, manufactura, o copyright © 1991
300 ## - DESCRIPCIÓN FÍSICA
Extensión 228 páginas ;
Dimensiones 24 cm.
336 ## - TIPO DE CONTENIDO
Término de tipo de contenido texto
Código de tipo de contenido txt
Fuente rdacontent.
337 ## - TIPO DE MEDIO
Nombre del tipo de medio sin mediación
Código del tipo de medio n
Fuente rdamedia.
338 ## - TIPO DE SOPORTE
Nombre del tipo de soporte volumen
Código Tipo de soporte nc
Fuente rdacarrier.
504 ## - NOTA DE BIBLIOGRAFÍA, ETC.
Nota de bibliografía, etc Incluye referencias bibliográficas (páginas 209-215) e índices.
505 ## - NOTA DE CONTENIDO
Nota de contenido con formato preestablecido Dos Isaías independientes -- "Cosas anteriores": el alcance y la razón de ser del proto-Isaías -- No hay escapatoria para un blasfemo (Isaías 36-37) -- El destino de Sion (701 y 587 a. C.) -- Sion-rey: muerte frase desviada (Isaías 38) -- Las narraciones de Ezequías-Isaías y el crecimiento del libro de Isaías.
630 07 - TITULO UNIFORME
Título uniforme Biblia
Nombre de parte o sección de la obra Isaías
630 07 - TITULO UNIFORME
Título uniforme Biblia
Subdivisión de materia general Crítica, interpretación, etc.
776 08 - ASIENTO DE SOPORTE FISICO ADICIONAL
Información de relación Online version:
Asiento principal Seitz, Christopher R.
Título Zion's final destiny.
Place, publisher, and date of publication Minneapolis : Fortress Press, ©1991
Record control number (OCoLC)555214829.
942 ## - TIPO DE MATERIAL (KOHA)
Tipo de Item KOHA Libros General
945 ## - INFORMACIÓN LOCAL DEL REGISTRO
Catalogador JTF-925
Existencias
Estado de Material Estado de Perdido Forma de Clasificación Estado de Dañado No para Préstamo Colección Biblioteca de Origen Biblioteca Permanente Fecha de Adquisición Área Total de Préstamos Signatura Topográfica Código de Barras Última vez visto Ejemplar/Existencia Fecha de Remplazo Tipo de Material
    Dewey Decimal Classification     Colección General Biblioteca FUSBC Biblioteca FUSBC 14/02/2022 BIBLIA   G 224.1066 SE462z 21745 14/02/2022 Ej.1 14/02/2022 Libros General

Biblioteca FUSBC | Teléfono: (57+4) 349 88 10 Ext. 141| WhatsApp (+57) 3005338115 
E-mail: biblioteca@unisbc.edu.co | Calle 76 87-14 Robledo Palenque, Medellín, Colombia

Con tecnología Koha